Concise dictionary of science : (Record no. 76734)

MARC details
000 -LEADER
fixed length control field 00592nam a22001817a 4500
005 - DATE AND TIME OF LATEST TRANSACTION
control field 20130905120108.0
010 ## - LCCN (DPL NO)
LC control number ENG-107630
020 ## - INTERNATIONAL STANDARD BOOK NUMBER
International Standard Book Number 9789381588642
Terms of availability 175.00
020 ## - INTERNATIONAL STANDARD BOOK NUMBER
International Standard Book Number 9381588643
Terms of availability 175.00
035 ## - SYSTEM CONTROL NUMBER
System control number EN-91163
037 ## - SOURCE OF ACQUISITION
Source of stock number/acquisition DBAD/PUB
245 ## - TITLE STATEMENT
Title Concise dictionary of science :
Remainder of title a perfect reference for aspirants of IAS, IIT-JEE, AIEEE, CBSE-PMT, and students of all age groups
260 ## - PUBLICATION, DISTRIBUTION, ETC. (IMPRINT)
Name of publisher, distributor, etc V & S Publishers
Date of publication, distribution, etc 2013
Place of publication, distribution, etc New Delhi
270 ## - ADDRESS
Address F-2/16, Ansari Road, Daryagunj
City New Delhi
Postal code 110002
300 ## - PHYSICAL DESCRIPTION
Extent 385p.
Dimensions 24cm(pbk)
700 ## - ADDED ENTRY--PERSONAL NAME
Personal name Shah, Maharaj
942 ## - ADDED ENTRY ELEMENTS (KOHA)
Source of classification or shelving scheme Dewey Decimal Classification
Item type English Books
Call number suffix CON
Holdings
Withdrawn status Lost status Not for loan Collection code Home library Current library Date acquired Source of acquisition Cost, normal purchase price Full call number Barcode Copy number Cost, replacement price Koha item type
    Not For Loan Non-fiction D.B.Act.Division D.B.Act.Division 18/06/2013 DBAD / PUB 175.00 CON EN-91163 1 175.00 English Books

© Delhi Public Library
Hit Counter
free hit counter